Chile a ciegas: la triste realidad de nuestro modelo energético
Đã lưu trong:
| Tác giả chính: | |
|---|---|
| Định dạng: | Sách |
| Ngôn ngữ: | Tiếng Tây Ban Nha |
| Được phát hành: |
Santiago
Random House Mondadori
2012
|
| Phiên bản: | 1a. ed |
| Những chủ đề: | |
| Các nhãn: |
Thêm thẻ
Không có thẻ, Là người đầu tiên thẻ bản ghi này!
|
MARC
| LEADER | 00000cam a2200000 a 4500 | ||
|---|---|---|---|
| 001 | UCF1865 | ||
| 003 | CL-VaPUC | ||
| 008 | 120727e20120500CL |||||||||||||||||spa|d | ||
| 020 | |a 9789568410612 | ||
| 082 | 0 | 4 | |a 333.7983 |b SOH |2 21 |
| 100 | 0 | |a Sohr Biss, Raúl |e author |9 563387 | |
| 245 | 1 | 0 | |a Chile a ciegas: la triste realidad de nuestro modelo energético |
| 250 | |a 1a. ed | ||
| 300 | |a 289 p | ||
| 942 | |c BK | ||
| 945 | |d 20120727 00:00:00 |a dcastane | ||
| 260 | |a Santiago |b Random House Mondadori |c 2012 | ||
| 650 | 0 | |a Recursos energéticos |9 263206 | |
| 650 | 0 | |a Recursos naturales |9 255232 | |
| 650 | 0 | |a Desarrollo económico y social |9 256320 | |
| 650 | 7 | |a GESTION DE RECURSOS |2 CL-VaPUC |9 358963 | |
| 583 | |a last modification |c 20120727 13:37:00 |k Rodrigo Vera | ||
| 999 | |c 348553 |d 348551 | ||
| 952 | |0 0 |1 0 |4 0 |6 333_798300000000000_SOH_2012 |7 0 |8 A |9 450609 |a BIBING |b BIBING |d 2019-11-22 |i 4884361 |l 1 |o 333.7983 SOH 2012 |p 4884361 |r 2025-01-20 |s 2022-04-12 |w 2019-11-22 |y BK |k CUI | ||
| 952 | |0 0 |1 0 |3 erb |4 0 |6 333_798300000000000_SOH_2012 |7 0 |8 A |9 450610 |a BIBDER |b BIBDER |i 5267528 |o 333.7983 SOH 2012 |p 5267528 |r 2023-01-25 |w 2019-11-22 |y BK |z Catalogado en:20160316 |k CED | ||
| 952 | |0 0 |1 0 |3 erb |4 0 |6 333_798300000000000_SOH_2012 |7 0 |8 A |9 450611 |a BIBHIS |b BIBHIS |i 5338026 |o 333.7983 SOH 2012 |p 5338026 |r 2025-01-20 |w 2019-11-22 |y BK |z Catalogado en:20160811 |k HIS | ||